00366 2200157 4500245004300000020002200043250001100065100001800076650001600094005001900110260002500129041001400154084000800168300002300176336000900199 aGommawo SaranghaecKeisha SaranghText a978-602-7735-08-8 aCet. 1 aKeisha Sarang aNovel Fiksi a20230110080421 aJakartabZettuc2012 aIndonesia a813 a184 hlm. :c19 cm. atext